Collonges-la-Rouge - Choix multiples - Statistiques

Statistiques générales
  • Ce quiz a été pris 5 fois
  • Le résultat moyen est 8 sur 10
Statistiques - réponses
Question Réponse % Correct
De quoi Collonges-la-Rouge abrite-t-elle le siège ? Des Plus Beaux Villages de France
100%
Avec qui Maurice Biraud, enterré à Collonges, partage-t-il l'affiche de Mélodie en sous-sol ? Jean Gabin et Alain Delon
100%
De quel département Collonges-la-Rouge est-elle l'un des communes les plus touristiques ? La Corrèze
100%
Pourquoi la commune s'appelle-t-elle Collonges-la-Rouge ? Parce que le rouge est la couleur emblématique de la plupart de ses bâtiments.
100%
Laquelle de ces photographies n'a PAS été prise à Collonges-la-Rouge ?
80%
Quel type d'œuvres le prix de Collonges-la-Rouge récompensait-il au Salon des artistes français, dans les années 1970 ? Des peintures
80%
De quel dialecte le toponyme Colonjas est-il issue ? Le limousin
80%
Laquelle de ces affirmations au sujet du timbre représentant la Maison de la Sirène, à Collonges, émis en 1982, est vraie ? C'est un timbre rouge (3 francs/20 grammes).
60%
Quel évènement de 1798 s'accompagna d'une baisse importante du nombre de tours dans le village ? La création de l'impôt sur les portes et fenêtres
60%
Pourquoi arracha-t-on les ceps de vigne de Collonges pour planter des noyers dans les années 1880 ? Parce qu'ils avaient été décimés par une épidémie de phylloxéra.
60%
Aucun quiz correspondant
Distribution des résultats
% des personnes avec chaque résultat
Percentile par nombre de réponses
Votre historique - résultats
Vous n’avez pas pris ce quiz